[Event "Scarborough CC Howard Ridout Swiss"]
[Site "Toronto CAN"]
[Date "2007.09.13"]
[Round "1"]
[White "Rutherdale, William"]
[Black "Moran-Venegas, Mario"]
[Result "1-0"]
[WhiteElo "1892"]
[BlackElo "1703"]
[PlyCount "69"]
[GameId "2160767910579128"]
[EventDate "2007.09.13"]
[EventType "swiss"]
[EventRounds "7"]
[EventCountry "CAN"]
[SourceTitle "EXT 2022"]
[Source "ChessBase"]
[SourceDate "2021.10.06"]
[SourceVersion "1"]
[SourceVersionDate "2021.10.06"]
[SourceQuality "1"]

1. d4 Nf6 2. c4 g6 3. Nc3 d5 4. cxd5 Nxd5 5. e4 Nxc3 6. bxc3 Bg7 7. Bb2 O-O 8. Bd3 c5 9. Ne2 cxd4 10. cxd4 Nc6 11. e5 Bg4 12. f3 Be6 13. Be4 f5 14. Bxc6 bxc6 15. Qc2 Bd5 16. h4 e6 17. h5 Qg5 18. Kf2 Rfc8 19. hxg6 hxg6 20. Ba3 Kf7 21. Rab1 Rcb8 22. Bd6 Rb6 23. Rh7 Rxb1 24. Qxb1 Kg8 25. Rxg7+ Kxg7 26. Qb7+ Kh6 27. Qxa8 Qh4+ 28. Ke3 f4+ 29. Kd2 Kh7 30. Qb7+ Kg8 31. Qc8+ Kh7 32. Qd7+ Kg8 33. Qe8+ Kh7 34. Qf7+ Kh8 35. Be7 1-0

[Event "Scarborough CC Howard Ridout Swiss"]
[Site "Toronto CAN"]
[Date "2007.09.13"]
[Round "1"]
[White "Sherman, Joshua"]
[Black "Deiseach, Donald"]
[Result "0-1"]
[WhiteElo "1705"]
[BlackElo "1906"]
[PlyCount "80"]
[GameId "2160767910579129"]
[EventDate "2007.09.13"]
[EventType "swiss"]
[EventRounds "7"]
[EventCountry "CAN"]
[SourceTitle "EXT 2022"]
[Source "ChessBase"]
[SourceDate "2021.10.06"]
[SourceVersion "1"]
[SourceVersionDate "2021.10.06"]
[SourceQuality "1"]

1. e4 c5 2. d4 cxd4 3. c3 dxc3 4. Nxc3 Nc6 5. Nf3 d6 6. Bc4 Nf6 7. e5 dxe5 8. Qxd8+ Nxd8 9. Nb5 Rb8 10. Nxe5 e6 11. Nc7+ Ke7 12. Be3 b6 13. Rd1 Nd7 14. Bf4 Rb7 15. Nxd7 Bxd7 16. Ba6 Bc6 17. Bxb7 Nxb7 18. O-O Kf6 19. Rc1 Be4 20. Rfe1 Bf5 21. Be5+ Kg6 22. Nb5 Nc5 23. Rcd1 Nd3 24. g4 Nxe5 25. Rxe5 Bxg4 26. Rd8 h5 27. Nxa7 h4 28. Re4 Kf5 29. Rc4 Be2 30. Rc2 Bf3 31. Re8 Rh6 32. Rxf8 Rg6+ 33. Kf1 f6 34. Rc3 Bg2+ 35. Ke2 Rg4 36. Rb8 e5 37. Rxb6 e4 38. Rc5+ Kf4 39. Nb5 Bf3+ 40. Kd2 Rg2 0-1

[Event "Scarborough CC Howard Ridout Swiss"]
[Site "Toronto CAN"]
[Date "2007.09.20"]
[Round "2"]
[White "Deiseach, Donald"]
[Black "Ferreira, Alex"]
[Result "0-1"]
[WhiteElo "1906"]
[BlackElo "2025"]
[PlyCount "132"]
[GameId "2160767910579130"]
[EventDate "2007.09.13"]
[EventType "swiss"]
[EventRounds "7"]
[EventCountry "CAN"]
[SourceTitle "EXT 2022"]
[Source "ChessBase"]
[SourceDate "2021.10.06"]
[SourceVersion "1"]
[SourceVersionDate "2021.10.06"]
[SourceQuality "1"]

1. d4 d5 2. c4 e5 3. dxe5 d4 4. Nf3 Nc6 5. Bg5 Be7 6. Bxe7 Ngxe7 7. Nbd2 Nf5 8. g3 O-O 9. Bg2 Re8 10. O-O Nxe5 11. Nxe5 Rxe5 12. Re1 c5 13. Qc2 Nd6 14. Bd5 Bf5 15. Qd1 Qb6 16. b3 Rae8 17. Nf3 R5e7 18. Qd2 Ne4 19. Qf4 Bg6 20. Nh4 Nc3 21. Nxg6 hxg6 22. Qf3 Qf6 23. Qxf6 gxf6 24. Bf3 Nxe2+ 25. Kf1 Nc3 26. a3 a5 27. Rxe7 Rxe7 28. Re1 Kf8 29. Rxe7 Kxe7 30. Bxb7 Nb1 31. Ke1 Nxa3 32. Be4 a4 33. bxa4 Nxc4 34. Ke2 Kd6 35. f4 f5 36. Bd3 Na5 37. h4 c4 38. Bb1 Ke6 39. Kd2 Kf6 40. Ba2 Kg7 41. Kc2 Kh6 42. Kb2 Kh5 43. Bb1 Kg4 44. Ka3 Nc6 45. Ba2 Kxg3 46. Bxc4 Kxf4 47. Bd5 d3 48. Kb2 d2 49. Bb3 Kg4 50. Kc3 Kxh4 51. Kxd2 f6 52. Ke3 Kg3 53. Bd5 f4+ 54. Kd2 Nb4 55. Bb7 f3 56. a5 f2 57. Ke2 Nc2 58. Ba6 Nd4+ 59. Kf1 Nc6 60. Bb7 Nxa5 61. Bd5 f5 62. Ke2 f4 63. Kf1 f3 64. Be4 g5 65. Bd5 g4 66. Be4 Nc4 0-1

[Event "Scarborough CC Howard Ridout Swiss"]
[Site "Toronto CAN"]
[Date "2007.09.20"]
[Round "2"]
[White "Fan, Yibing"]
[Black "Wu, Aaron"]
[Result "1-0"]
[WhiteElo "1865"]
[BlackElo "1702"]
[PlyCount "131"]
[GameId "2160767910579131"]
[EventDate "2007.09.13"]
[EventType "swiss"]
[EventRounds "7"]
[EventCountry "CAN"]
[SourceTitle "EXT 2022"]
[Source "ChessBase"]
[SourceDate "2021.10.06"]
[SourceVersion "1"]
[SourceVersionDate "2021.10.06"]
[SourceQuality "1"]

1. d4 Nf6 2. c4 g6 3. Nc3 Bg7 4. e4 d6 5. Bd3 e5 6. d5 O-O 7. Nge2 Nh5 8. Be3 f5 9. f3 f4 10. Bf2 g5 11. h3 Nf6 12. Qb3 h5 13. O-O-O Nbd7 14. Na4 b6 15. Qa3 Nc5 16. Nxc5 bxc5 17. Bc2 Bd7 18. Ba4 Bxa4 19. Qxa4 Qd7 20. Qa3 g4 21. Rdf1 g3 22. Be1 c6 23. Nc3 cxd5 24. Nxd5 Nxd5 25. cxd5 Qb5 26. Bc3 Qe2 27. Rhg1 Rfb8 28. b3 Qe3+ 29. Bd2 Qd3 30. Qb2 a5 31. Qc3 Qb5 32. Kc2 a4 33. Qb2 axb3+ 34. Qxb3 Qe2 35. Re1 Rxb3 36. Rxe2 Rba3 37. Ra1 Rxa2+ 38. Rxa2 Rxa2+ 39. Kb3 Ra6 40. Bc3 Bf8 41. Ra2 Rxa2 42. Kxa2 Kf7 43. Kb3 Ke7 44. Kc4 Kd7 45. Kb5 Be7 46. Ba5 Bd8 47. Be1 Be7 48. Bc3 Bd8 49. Bd2 Bc7 50. Bc1 Bd8 51. Bb2 Kc7 52. Bc1 Kb7 53. Bd2 Bb6 54. Bc1 Bc7 55. Ba3 Bd8 56. Bxc5 dxc5 57. Kxc5 Be7+ 58. d6 Bf6 59. Kd5 Kc8 60. Ke6 Bh8 61. Ke7 Bf6+ 62. Kxf6 Kd7 63. Kxe5 h4 64. Kxf4 Kxd6 65. Kg4 Ke5 66. Kxh4 1-0

[Event "Scarborough CC Howard Ridout Swiss"]
[Site "Toronto CAN"]
[Date "2007.09.20"]
[Round "2"]
[White "Moran-Venegas, Mario"]
[Black "Armstrong, Robert J"]
[Result "0-1"]
[WhiteElo "1703"]
[BlackElo "1771"]
[PlyCount "92"]
[GameId "2160767910579132"]
[EventDate "2007.09.13"]
[EventType "swiss"]
[EventRounds "7"]
[EventCountry "CAN"]
[SourceTitle "EXT 2022"]
[Source "ChessBase"]
[SourceDate "2021.10.06"]
[SourceVersion "1"]
[SourceVersionDate "2021.10.06"]
[SourceQuality "1"]

1. e4 g6 2. Nf3 Bg7 3. Bc4 d6 4. O-O Nf6 5. Nc3 O-O 6. a3 c5 7. Re1 Nc6 8. Rb1 a6 9. Nd5 b5 10. Nxf6+ Bxf6 11. Bd5 Bb7 12. d4 cxd4 13. Bh6 Bg7 14. Bxg7 Kxg7 15. Nxd4 Qb6 16. c3 e5 17. Nf3 Rad8 18. Kf1 Ne7 19. Bxb7 Qxb7 20. Qb3 Qa7 21. Rbd1 h6 22. Re3 f5 23. Qc2 f4 24. Red3 Qc7 25. Ne1 Rf6 26. f3 Qd7 27. R3d2 g5 28. h3 h5 29. Nd3 Qe6 30. Nc5 Qc4+ 31. Nd3 d5 32. Kg1 dxe4 33. fxe4 Rfd6 34. Nxf4 exf4 35. Rxd6 Rxd6 36. Rxd6 Qc5+ 37. Rd4 Nc6 38. Qd2 Kf7 39. Kf1 Nxd4 40. Qxd4 Qc4+ 41. Qxc4+ bxc4 42. Ke2 Ke6 43. Kf3 Ke5 44. g3 fxg3 45. Kxg3 Kxe4 46. b4 cxb3 0-1

[Event "Scarborough CC Howard Ridout Swiss"]
[Site "Toronto CAN"]
[Date "2007.09.20"]
[Round "2"]
[White "Paterson, Jim"]
[Black "Garel, Rick"]
[Result "1-0"]
[WhiteElo "1883"]
[BlackElo "1989"]
[PlyCount "73"]
[GameId "2160767910579133"]
[EventDate "2007.09.13"]
[EventType "swiss"]
[EventRounds "7"]
[EventCountry "CAN"]
[SourceTitle "EXT 2022"]
[Source "ChessBase"]
[SourceDate "2021.10.06"]
[SourceVersion "1"]
[SourceVersionDate "2021.10.06"]
[SourceQuality "1"]

1. e4 c5 2. Nc3 Nc6 3. f4 d6 4. Nf3 g6 5. Bc4 Bg7 6. Nd5 e6 7. Ne3 Nge7 8. d3 b5 9. Bb3 O-O 10. c3 Bb7 11. O-O d5 12. exd5 exd5 13. d4 cxd4 14. cxd4 Na5 15. Bd2 Nxb3 16. Qxb3 a5 17. Rfc1 Qb6 18. Qd3 b4 19. Rc5 Ba6 20. Qc2 Rfc8 21. Rc1 Bb7 22. b3 Qf6 23. Ng4 Qf5 24. h3 Qxc2 25. R1xc2 Nf5 26. Nge5 Bf8 27. Rxc8 Rxc8 28. Rxc8 Bxc8 29. Nc6 Bg7 30. Kf2 Nd6 31. Nxa5 Ne4+ 32. Ke3 Bf8 33. Be1 Bd7 34. Ne5 Bb5 35. Nd3 Nc3 36. a4 bxa3 37. Bxc3 1-0

[Event "Scarborough CC Howard Ridout Swiss"]
[Site "Toronto CAN"]
[Date "2007.09.20"]
[Round "2"]
[White "Siddeley, Hugh"]
[Black "Rutherdale, William"]
[Result "1-0"]
[WhiteElo "2100"]
[BlackElo "1892"]
[PlyCount "77"]
[GameId "2160767910579134"]
[EventDate "2007.09.13"]
[EventType "swiss"]
[EventRounds "7"]
[EventCountry "CAN"]
[SourceTitle "EXT 2022"]
[Source "ChessBase"]
[SourceDate "2021.10.06"]
[SourceVersion "1"]
[SourceVersionDate "2021.10.06"]
[SourceQuality "1"]

1. e4 d6 2. d4 Nf6 3. Nc3 g6 4. Bg5 Bg7 5. Qd2 Nbd7 6. Bh6 Bxh6 7. Qxh6 e5 8. Nf3 Qe7 9. O-O-O exd4 10. Nxd4 Ne5 11. h3 Bd7 12. Nd5 Nxd5 13. exd5 f5 14. Qd2 O-O 15. f4 Nf7 16. h4 Rae8 17. Rh3 a6 18. Rc3 Bc8 19. h5 Nh6 20. hxg6 hxg6 21. Be2 Rf7 22. Bf3 Qf6 23. Ne6 c5 24. Ng5 Rfe7 25. Rh1 Ng4 26. Bxg4 fxg4 27. g3 Re2 28. Qd1 Bf5 29. a3 Rg2 30. Re1 Rb8 31. Re2 Rxe2 32. Qxe2 b5 33. Re3 Rb7 34. Re8+ Kg7 35. Qh2 Qxb2+ 36. Kxb2 Kf6 37. Qh8+ Rg7 38. Qf8+ Rf7 39. Qxf7# 1-0

[Event "Scarborough CC Howard Ridout Swiss"]
[Site "Toronto CAN"]
[Date "2007.09.20"]
[Round "2"]
[White "Stein, Mickey"]
[Black "Hall, John2"]
[Result "0-1"]
[WhiteElo "1961"]
[BlackElo "2112"]
[PlyCount "66"]
[GameId "2160767910579135"]
[EventDate "2007.09.13"]
[EventType "swiss"]
[EventRounds "7"]
[EventCountry "CAN"]
[SourceTitle "EXT 2022"]
[Source "ChessBase"]
[SourceDate "2021.10.06"]
[SourceVersion "1"]
[SourceVersionDate "2021.10.06"]
[SourceQuality "1"]

1. e4 e5 2. Nf3 Nc6 3. Bb5 a6 4. Ba4 Nf6 5. Qe2 b5 6. Bb3 Be7 7. d3 O-O 8. Nbd2 d6 9. c3 Na5 10. Bc2 c5 11. Nf1 Nc6 12. Ng3 d5 13. O-O Qc7 14. Bg5 Be6 15. Rfe1 d4 16. a4 dxc3 17. bxc3 b4 18. cxb4 cxb4 19. Rec1 Qd7 20. Qd1 Rfd8 21. Bb3 Bg4 22. Bxf6 Bxf6 23. Bd5 Rac8 24. Rc5 Nd4 25. Rxc8 Rxc8 26. Nf1 Bxf3 27. gxf3 Bg5 28. Ne3 Qh3 29. Ng2 Nxf3+ 30. Kf1 Nxh2+ 31. Kg1 Nf3+ 32. Kf1 Qh1+ 33. Ke2 Nd4# 0-1

[Event "Scarborough CC Howard Ridout Swiss"]
[Site "Toronto CAN"]
[Date "2007.09.20"]
[Round "2"]
[White "Villalobos, Oscar"]
[Black "Sherman, Joshua"]
[Result "1-0"]
[WhiteElo "1760"]
[BlackElo "1705"]
[PlyCount "57"]
[GameId "2160767910579136"]
[EventDate "2007.09.13"]
[EventType "swiss"]
[EventRounds "7"]
[EventCountry "CAN"]
[SourceTitle "EXT 2022"]
[Source "ChessBase"]
[SourceDate "2021.10.06"]
[SourceVersion "1"]
[SourceVersionDate "2021.10.06"]
[SourceQuality "1"]

1. d4 c5 2. dxc5 e6 3. Nf3 Bxc5 4. c4 Nf6 5. Nc3 O-O 6. e3 d5 7. cxd5 exd5 8. Be2 Nc6 9. a3 a5 10. Nb5 Re8 11. O-O Bg4 12. Qc2 Qe7 13. Nc7 Qxc7 14. Qxc5 Ne4 15. Qxd5 Rad8 16. Qc4 Qe7 17. b4 Qf6 18. Rb1 Be6 19. Qc2 Bf5 20. Bb2 Qh6 21. Bd3 Rxd3 22. Qxd3 Ng3 23. Qb5 Bxb1 24. Rxb1 Ne4 25. Rd1 axb4 26. axb4 Qe6 27. Nd4 Nxd4 28. Rxd4 Nxf2 29. Qe2 1-0

[Event "Scarborough CC Howard Ridout Swiss"]
[Site "Toronto CAN"]
[Date "2007.09.20"]
[Round "2"]
[White "Yuan, Yuanling"]
[Black "Moysoski, Randy"]
[Result "1-0"]
[WhiteElo "2169"]
[BlackElo "1914"]
[PlyCount "90"]
[GameId "2160767910579137"]
[EventDate "2007.09.13"]
[EventType "swiss"]
[EventRounds "7"]
[EventCountry "CAN"]
[SourceTitle "EXT 2022"]
[Source "ChessBase"]
[SourceDate "2021.10.06"]
[SourceVersion "1"]
[SourceVersionDate "2021.10.06"]
[SourceQuality "1"]

1. e4 d5 2. exd5 Nf6 3. d4 Bg4 4. f3 Bf5 5. Bb5+ Nbd7 6. c4 a6 7. Bxd7+ Qxd7 8. Ne2 b5 9. b3 Rb8 10. Nd2 e6 11. dxe6 Bxe6 12. O-O Bd6 13. Qc2 O-O 14. Ne4 Bf5 15. Nxf6+ gxf6 16. Qd2 Kh8 17. Bb2 Rg8 18. Kh1 bxc4 19. bxc4 Qa4 20. c5 Be7 21. d5 Qh4 22. d6 cxd6 23. cxd6 Bxd6 24. g3 Rxb2 25. Qxb2 Qh6 26. Qc1 Qf8 27. Qd2 Be5 28. Rac1 Qa3 29. Rf2 Rb8 30. Nf4 Qa4 31. Ng2 Kg7 32. Ne3 Bg6 33. Ng4 h5 34. Nxe5 fxe5 35. Re1 Qb5 36. Qe3 Re8 37. Rfe2 Re6 38. Kg2 Qd5 39. Rd2 Qc6 40. Kf2 Qa4 41. Qc3 Kh7 42. Rxe5 Rc6 43. Rc5 Rxc5 44. Qxc5 h4 45. Qc3 Qe8 1-0

[Event "Scarborough CC Howard Ridout Swiss"]
[Site "Toronto CAN"]
[Date "2007.09.27"]
[Round "3"]
[White "Armstrong, Robert J"]
[Black "Deiseach, Donald"]
[Result "0-1"]
[WhiteElo "1771"]
[BlackElo "1906"]
[PlyCount "72"]
[GameId "2160767910579138"]
[EventDate "2007.09.13"]
[EventType "swiss"]
[EventRounds "7"]
[EventCountry "CAN"]
[SourceTitle "EXT 2022"]
[Source "ChessBase"]
[SourceDate "2021.10.06"]
[SourceVersion "1"]
[SourceVersionDate "2021.10.06"]
[SourceQuality "1"]

1. d4 Nf6 2. c4 e6 3. Nf3 d5 4. e3 b6 5. Bd3 Bb7 6. O-O Nbd7 7. Nc3 Be7 8. b3 Ne4 9. Bb2 Ndf6 10. Qc2 O-O 11. Nd2 Nxc3 12. Bxc3 c5 13. dxc5 bxc5 14. Qb2 Qd7 15. Rfd1 Rfd8 16. cxd5 exd5 17. Be2 Qe6 18. Bf3 Rd7 19. b4 Ne4 20. bxc5 Nxc3 21. Qxc3 Bf6 22. Qb4 Bxa1 23. Rxa1 Bc6 24. Nb3 Rb7 25. Qa5 Rab8 26. Rd1 Qg6 27. e4 dxe4 28. Rd6 Qf5 29. Rd8+ Be8 30. Be2 Qf6 31. Rxb8 Rxb8 32. Qxa7 Rd8 33. Qc7 h6 34. h3 Ra8 35. Na5 Qa1+ 36. Kh2 Qxa2 0-1

[Event "Scarborough CC Howard Ridout Swiss"]
[Site "Toronto CAN"]
[Date "2007.09.27"]
[Round "3"]
[White "Garel, Rick"]
[Black "Sherman, Joshua"]
[Result "0-1"]
[WhiteElo "1989"]
[BlackElo "1705"]
[PlyCount "46"]
[GameId "2160767910579139"]
[EventDate "2007.09.13"]
[EventType "swiss"]
[EventRounds "7"]
[EventCountry "CAN"]
[SourceTitle "EXT 2022"]
[Source "ChessBase"]
[SourceDate "2021.10.06"]
[SourceVersion "1"]
[SourceVersionDate "2021.10.06"]
[SourceQuality "1"]

1. c4 d5 2. cxd5 Nf6 3. Nf3 Nxd5 4. g3 g6 5. Bg2 Bg7 6. O-O O-O 7. Nc3 Nxc3 8. bxc3 c6 9. a4 Nd7 10. Ba3 Re8 11. Qb3 Qc7 12. d4 c5 13. Qc4 Rb8 14. Ng5 e6 15. dxc5 Qe5 16. Qh4 h6 17. Ne4 g5 18. Qh5 Nf6 19. Nxf6+ Qxf6 20. Bb4 Bd7 21. Rfd1 Bc6 22. Bxc6 bxc6 23. Rd6 Rxb4 0-1

[Event "Scarborough CC Howard Ridout Swiss"]
[Site "Toronto CAN"]
[Date "2007.09.27"]
[Round "3"]
[White "Lamb, Bryan"]
[Black "Siddeley, Hugh"]
[Result "1-0"]
[WhiteElo "2207"]
[BlackElo "2100"]
[PlyCount "53"]
[GameId "2160767910579140"]
[EventDate "2007.09.13"]
[EventType "swiss"]
[EventRounds "7"]
[EventCountry "CAN"]
[SourceTitle "EXT 2022"]
[Source "ChessBase"]
[SourceDate "2021.10.06"]
[SourceVersion "1"]
[SourceVersionDate "2021.10.06"]
[SourceQuality "1"]

1. c4 e5 2. g3 Nf6 3. Bg2 Nc6 4. Nc3 Bb4 5. Nd5 Bc5 6. e3 O-O 7. Ne2 Re8 8. O-O Rb8 9. d4 Bf8 10. dxe5 Nxe5 11. Qa4 a6 12. Nec3 Nxd5 13. cxd5 Nd3 14. Rd1 Nxc1 15. Raxc1 d6 16. Ne2 g6 17. Rd2 Re7 18. Rdc2 Bg7 19. Qh4 Qe8 20. Rxc7 Rxc7 21. Rxc7 Bxb2 22. Qb4 Bg7 23. Qxd6 Bg4 24. Re7 Qc8 25. Qf4 Qf8 26. Rxf7 Qe8 27. Rxg7+ 1-0

[Event "Scarborough CC Howard Ridout Swiss"]
[Site "Toronto CAN"]
[Date "2007.09.27"]
[Round "3"]
[White "London, John"]
[Black "Stein, Mickey"]
[Result "0-1"]
[WhiteElo "1826"]
[BlackElo "1961"]
[PlyCount "70"]
[GameId "2160767910579141"]
[EventDate "2007.09.13"]
[EventType "swiss"]
[EventRounds "7"]
[EventCountry "CAN"]
[SourceTitle "EXT 2022"]
[Source "ChessBase"]
[SourceDate "2021.10.06"]
[SourceVersion "1"]
[SourceVersionDate "2021.10.06"]
[SourceQuality "1"]

1. Nf3 f5 2. d4 Nf6 3. g3 e6 4. Bg2 Be7 5. c4 O-O 6. O-O d6 7. Nc3 Ne4 8. Qc2 Nxc3 9. bxc3 Bf6 10. Nd2 e5 11. Rb1 Nc6 12. e3 e4 13. f3 exf3 14. Bxf3 g6 15. Bd5+ Kh8 16. e4 Nxd4 17. cxd4 Bxd4+ 18. Kh1 c6 19. Nf3 Bg7 20. exf5 cxd5 21. fxg6 Bf5 22. Qb3 Bxb1 23. Qxb1 Qb6 24. Bf4 Qxb1 25. Rxb1 dxc4 26. Ng5 hxg6 27. Bxd6 Rfc8 28. Rxb7 c3 29. Bf4 c2 30. Bc1 Rab8 31. Nf7+ Kg8 32. Nd6 Rxb7 33. Nxb7 Rb8 34. Nc5 Rb1 35. Nd3 Bh6 0-1

[Event "Scarborough CC Howard Ridout Swiss"]
[Site "Toronto CAN"]
[Date "2007.09.27"]
[Round "3"]
[White "Moysoski, Randy"]
[Black "Fan, Yibing"]
[Result "1-0"]
[WhiteElo "1914"]
[BlackElo "1865"]
[PlyCount "22"]
[GameId "2160767910579142"]
[EventDate "2007.09.13"]
[EventType "swiss"]
[EventRounds "7"]
[EventCountry "CAN"]
[SourceTitle "EXT 2022"]
[Source "ChessBase"]
[SourceDate "2021.10.06"]
[SourceVersion "1"]
[SourceVersionDate "2021.10.06"]
[SourceQuality "1"]

1. e4 c5 2. Nf3 a6 3. g3 d6 4. Bg2 Nc6 5. d3 g6 6. Nc3 Nf6 7. O-O Bg7 8. Bg5 Rb8 9. Qd2 h6 10. Bf4 g5 11. Be3 Ng4 1-0

[Event "Scarborough CC Howard Ridout Swiss"]
[Site "Toronto CAN"]
[Date "2007.09.27"]
[Round "3"]
[White "Muir, Tom"]
[Black "Villalobos, Oscar"]
[Result "1-0"]
[WhiteElo "1712"]
[BlackElo "1760"]
[PlyCount "64"]
[GameId "2160767910579143"]
[EventDate "2007.09.13"]
[EventType "swiss"]
[EventRounds "7"]
[EventCountry "CAN"]
[SourceTitle "EXT 2022"]
[Source "ChessBase"]
[SourceDate "2021.10.06"]
[SourceVersion "1"]
[SourceVersionDate "2021.10.06"]
[SourceQuality "1"]

1. d4 Nf6 2. c4 g6 3. g3 Bg7 4. Bg2 d6 5. e4 O-O 6. Nc3 Nc6 7. Nge2 e5 8. d5 Na5 9. Qd3 b6 10. O-O Ba6 11. b3 Nd7 12. Qc2 Bc8 13. Nb5 f5 14. f3 Nb7 15. b4 a5 16. Qa4 Nf6 17. Be3 Bd7 18. Qb3 axb4 19. Qxb4 Nc5 20. Qd2 fxe4 21. Bxc5 exf3 22. Bxf3 bxc5 23. Nec3 Bf5 24. Rad1 Qd7 25. Ne4 Ra4 26. Qe2 Nxe4 27. Bxe4 Bxe4 28. Qxe4 Rxa2 29. Rxf8+ Bxf8 30. Rf1 Qh3 31. Qh1 Bh6 32. Nc3 Be3+ 1-0

[Event "Scarborough CC Howard Ridout Swiss"]
[Site "Toronto CAN"]
[Date "2007.09.27"]
[Round "3"]
[White "Rutherdale, William"]
[Black "Manalo, Pepin"]
[Result "0-1"]
[WhiteElo "1892"]
[BlackElo "1777"]
[PlyCount "98"]
[GameId "2160767910579144"]
[EventDate "2007.09.13"]
[EventType "swiss"]
[EventRounds "7"]
[EventCountry "CAN"]
[SourceTitle "EXT 2022"]
[Source "ChessBase"]
[SourceDate "2021.10.06"]
[SourceVersion "1"]
[SourceVersionDate "2021.10.06"]
[SourceQuality "1"]

1. d4 Nf6 2. c4 d5 3. Nc3 c6 4. cxd5 cxd5 5. e3 Nc6 6. Bd3 e6 7. Nge2 Bd7 8. a3 Rc8 9. O-O Bd6 10. f4 h5 11. f5 Ng4 12. h3 Qh4 13. Qe1 Bh2+ 14. Kh1 Qxe1 15. Rxe1 Nf2+ 16. Kxh2 Nxd3 17. Rf1 Na5 18. fxe6 fxe6 19. Rf3 Nb3 20. Rb1 Ndxc1 21. Rxc1 Nxc1 22. Nxc1 b5 23. Nd3 Rf8 24. Rg3 Rg8 25. Ne5 a6 26. Rg5 Rb8 27. Nd3 h4 28. Re5 Kf7 29. Nc5 Bc8 30. Ne2 g5 31. b4 Rb6 32. Nc3 Kg6 33. e4 Rd8 34. exd5 exd5 35. Nxd5 Rbd6 36. Ne7+ Kh6 37. Nxc8 Rxc8 38. Ne6 Rc3 39. d5 Rg3 40. Nd4 Rf6 41. Nf5+ Rxf5 42. Rxf5 Rxa3 43. Rf6+ Kg7 44. Rb6 Kf7 45. Re6 Ra4 46. Re4 a5 47. Rg4 Rxb4 48. Rxb4 axb4 49. d6 Ke6 0-1

[Event "Scarborough CC Howard Ridout Swiss"]
[Site "Toronto CAN"]
[Date "2007.10.04"]
[Round "4"]
[White "Bellomo, Joe"]
[Black "Garel, Rick"]
[Result "0-1"]
[WhiteElo "1759"]
[BlackElo "1989"]
[PlyCount "70"]
[GameId "2160767910579145"]
[EventDate "2007.09.13"]
[EventType "swiss"]
[EventRounds "7"]
[EventCountry "CAN"]
[SourceTitle "EXT 2022"]
[Source "ChessBase"]
[SourceDate "2021.10.06"]
[SourceVersion "1"]
[SourceVersionDate "2021.10.06"]
[SourceQuality "1"]

1. e4 c5 2. Nf3 d6 3. d4 cxd4 4. Nxd4 Nf6 5. Nc3 a6 6. Be2 e6 7. Be3 Be7 8. O-O O-O 9. Kh1 b5 10. a3 Bb7 11. Bd3 Nbd7 12. Nf3 Qc7 13. Nd2 Nc5 14. Bxc5 dxc5 15. f4 c4 16. Be2 Rad8 17. Qe1 Bc5 18. e5 Nd5 19. Nxd5 Bxd5 20. Nf3 Be4 21. Bd1 Qb7 22. Qg3 Rd7 23. Ng5 Bf5 24. Bf3 Qb6 25. Be4 Rd2 26. Bxf5 exf5 27. Qh3 Qg6 28. Rae1 h6 29. Nf3 Rxc2 30. Nh4 Qg4 31. Nxf5 Qxh3 32. gxh3 Rxb2 33. Rf3 Kh7 34. e6 fxe6 35. Rxe6 Rxf5 0-1

[Event "Scarborough CC Howard Ridout Swiss"]
[Site "Toronto CAN"]
[Date "2007.10.04"]
[Round "4"]
[White "Fan, Yibing"]
[Black "Villalobos, Oscar"]
[Result "0-1"]
[WhiteElo "1865"]
[BlackElo "1760"]
[PlyCount "76"]
[GameId "2160767910579146"]
[EventDate "2007.09.13"]
[EventType "swiss"]
[EventRounds "7"]
[EventCountry "CAN"]
[SourceTitle "EXT 2022"]
[Source "ChessBase"]
[SourceDate "2021.10.06"]
[SourceVersion "1"]
[SourceVersionDate "2021.10.06"]
[SourceQuality "1"]

1. d4 Nf6 2. c4 g6 3. Nc3 Bg7 4. e4 d6 5. Bd3 Nc6 6. Nge2 e5 7. d5 Ne7 8. Ng3 Nd7 9. b4 O-O 10. Qc2 a5 11. Qa4 f5 12. f3 f4 13. Nge2 g5 14. Ba3 Ng6 15. Kd2 Nh4 16. Rhg1 g4 17. Raf1 b6 18. Nb5 Ba6 19. Nec3 Bxb5 20. Qxb5 axb4 21. Bxb4 Nc5 22. Be2 Bh6 23. Rb1 Ng6 24. Rbf1 Qh4 25. Rh1 Kh8 26. Kc2 Qg5 27. Qc6 Ra7 28. a3 g3 29. h3 Nh4 30. Rhg1 Na6 31. Qa4 Rfa8 32. Ra1 Qd8 33. Nb5 Nc5 34. Qxa7 Rxa7 35. Nxa7 Qa8 36. Nb5 Qa4+ 37. Kc3 Qb3+ 38. Kd2 Qe3+ 0-1

[Event "Scarborough CC Howard Ridout Swiss"]
[Site "Toronto CAN"]
[Date "2007.10.04"]
[Round "4"]
[White "Ferreira, Alex"]
[Black "Lamb, Bryan"]
[Result "0-1"]
[WhiteElo "2025"]
[BlackElo "2207"]
[PlyCount "64"]
[GameId "2160767910579147"]
[EventDate "2007.09.13"]
[EventType "swiss"]
[EventRounds "7"]
[EventCountry "CAN"]
[SourceTitle "EXT 2022"]
[Source "ChessBase"]
[SourceDate "2021.10.06"]
[SourceVersion "1"]
[SourceVersionDate "2021.10.06"]
[SourceQuality "1"]

1. e4 c5 2. Nf3 d6 3. d4 cxd4 4. Nxd4 Nf6 5. Nc3 g6 6. Be2 Bg7 7. Be3 O-O 8. g4 d5 9. e5 Ne4 10. f4 g5 11. Nxe4 dxe4 12. fxg5 Bxe5 13. c3 Nc6 14. Nxc6 bxc6 15. Qa4 Be6 16. Qxe4 Bd5 17. Qxe5 Bxh1 18. Bd4 f6 19. Qe6+ Rf7 20. O-O-O Bd5 21. Qe3 Bxa2 22. Bxf6 Qa5 23. Bd4 Bb3 24. Rg1 Qa1+ 25. Kd2 Qxb2+ 26. Ke1 e5 27. g6 hxg6 28. Bxe5 Qb1+ 29. Kd2 Rd8+ 30. Bd3 Rxd3+ 31. Qxd3 Rf2+ 32. Ke3 Rf3+ 0-1